Statistics for Everton FC All Time Top 20 Appearances

Click here to take the quiz!

General Stats

  • This quiz has been taken 8 times
  • The average score is 7 of 20

Answer Stats

HintAnswer% Correct
534Brian Labone
83%
411Leighton Baines
83%
750Neville Southall
83%
414Tim Howard
83%
528Dave Watson
67%
433Leon Osman
67%
382Phil Jagielka
67%
433Dixie Dean
33%
447Graeme Sharp
33%
494Kevin Ratcliffe
33%
388Colin Harvey
17%
402Gordon West
17%
472Mick Lyons
17%
500Ted Sagar
17%
456Jack Taylor
0%
402John Hurst
0%
453Peter Farrell
0%
428Tommy Eglington
0%
411Tommy E Jones
0%
410Wally Fielding
0%

Score Distribution

Percentile by Number Answered

Percent of People with Each Score

Your Score History

You have not taken this quiz